LEADER 00871nam a2200193 i 4500 001 000000207204 003 CaOOAMICUS 005 20111025000000.0 008 111025s1961 it u000 u ita u 013 $a185980 040 $aSeMil$bita 245 13$aLa pace ; La libertà ; Bolscevismo, fascismo e democrazia. 300 $aXXIII, 374 p. 700 1 $aNitti, Francesco Saverio <1868-1953>.$0(OLS)http://semarc/name/11386 773 0 $aNitti, Francesco Saverio <1868-1953>$tEdizione Nazionale delle opere di Francesco Saverio Nitti.$dBari : Laterza, [196?]$g11$w()25630 773 0 $aNitti, Francesco Saverio <1868-1953>$tScritti politici.$gVolume2$w()25631 850 $aSeMil 852 $aSeMil$W1$xVenegono$y1$m3U III 109$j157667$B157667$CSeMilBibl$Z2$F168902 $81 996 $6245$aLa pace ; La libertà ; Bolscevismo, fascismo e democrazia$9(OLS)http://semarc/title/299656 LEADER 00986nam a2200241 i 4500 001 000000110102 003 CaOOAMICUS 005 20021121000000.0 008 021121s1987 it u000 u ita u 013 $a82783 020 $a88-01-11679-9 040 $aSeMil$bita 100 1 $aBosco, Teresio,$c.$0(OLS)http://semarc/name/18061 245 10$aDon Bosco :$bstoria di un prete /$cTeresio Bosco. 260 $aLeumann (Torino) :$bElle Di Ci,$c1987. 300 $a351 p., 8 p. di tav. ;$c22 cm. 600 14$aBosco, Giovanni .$0(OLS)http://semarc/subject/3727 850 $aSeMil 852 $aSeMil$W1$xVenegono$y1$m3H III 471$j66023$B66023$CSeMilBibl$Z2$F73085 $81 961 $aRecupero: Seminario di Seveso 996 $6020$a88-01-11679-9$9(OLS)http://semarc/number/91741 996 $6245$aDon Bosco :$bstoria di un prete$9(OLS)http://semarc/title/159999 996 $6260$aLeumann (Torino) :$bElle Di Ci$9(OLS)http://semarc/publisher/29809